| 000 | 00522nam a2200133 a 4500 | ||
|---|---|---|---|
| 008 | 120416s1907 ||||||||||||||||| || u | ||
| 050 | _aPR 3476.Z8 | ||
| 100 | _aGibbon, Edward, 1737-1794 | ||
| 245 | 1 | 0 |
_aAutobiography _cas originally edited by lord Sheffield, with an introduction by J. B. Burry |
| 260 |
_aLondon _bOxford University Press _c1907 |
||
| 300 | _axxxi, 339p. | ||
| 350 | _a0.00 | ||
| 995 |
_D0.00 _FCBU-MAIN LIBRARY (Kitwe) _H1 _I0.00 _M1 _UDAMAGED _ZFiction Collection |
||
| 999 |
_c35329 _d35329 |
||